Statystyki dla Rozpoznaj wykonawcę po tytule TYLKO POLSKIE UTWORY

Kliknij tutaj aby rozwiązać quiz!

Ogólne statystyki

  • Ten quiz został rozwiązany 562 razy
  • Średni wynik to 12 z 29

Statystyki odpowiedzi

HintOdpowiedź% Poprawnych
ŚcierniskoGolec uOrkiestra
81%
Sen o VictoriiDżem
70%
Czerwone koraleBrathanki
69%
Otwieram winoSidney Polak
69%
Lubię wracać tam gdzie byłemZbigniew Wodecki
65%
Co mi Panie daszBajm
63%
King Bruce Lee karate mistrzFranek Kimono
63%
Konik na biegunachUrszula
62%
Zanim pójdęHappysad
56%
Jej czarne oczyIvan i Delfin
56%
Kiedy powiem sobie dośćO.N.A
56%
Raz po razPerfect
51%
Kocham Cię jak IrlandięKobranocka
49%
Będziesz moją paniąMarek Grechuta
46%
TeksańskiHey
42%
Sen o dolinieBudka Suflera
37%
LatoFormacja Nieżywych Schabuff
35%
Mieć czy byćMyslovitz
35%
Daj mi tę nocBolter
33%
Nasz DisneylandPapa dance
33%
Szukaj mnieEdyta Geppert
25%
KawiarenkiIrena Jarocka
23%
Uciekaj moje serceSeweryn Krajewski
23%
Brunetki blondynkiJan Kiepura
22%
Jak się masz kochanieHappy End
14%
Złote obrączkiKrystyna Giżowska
10%
Tylko w twoich dłoniachEleni
9%
Gdyby nie TyOddział zamknięty
9%
ZostańKortez
8%

Rozkład punktacji

Percentyl według liczby udzielonych odpowiedzi

Procent ludzi z każdym wynikiem

Twoja historia wyników

Nie rozwiązałeś tego quizu